00485cam a2200169u 4500001001300000003000400013005001700017008004100034010001700075040001900092050001900111110007800130245003900208260002600247300002500273999001700298unk84005636 DLC20260227112801.0840419s1971 dr k 000 0 spa  aunk84005636  aDLCcCarPdDLC00aS494.5.E8bD641 aDominican Republic.bOficina Nacional de Estadístic. [from old catalog]00aSexto censo nacional agropecuario, aSanto Domingo,c1971. a9 l.bforms.c28 cm. c91503d91503